Existen al menos 3... - ¡Muerte súbita! - Estadísticas

Estadísticas generales
  • Esta prueba ha sido intentada 622 veces
  • La puntuación promedio es 4 de 21
Answers on the Grid
Answers color-coded by a green-red scale on the quiz's grid according to % correct below.
...países fronterizos con España
...planetas más pequeños que la Tierra en el sistema solar
...selecciones nacionales que han ganado al menos 2 Eurocopas
...semanas en 1000 horas
...religiones abrahámicas
...monarquías en África
...países BRICS en África
...diferentes equipos que han ganado la Conference League
...ríos más largos que el Volga
...estrellas en la bandera de Siria
...capitales de Sudáfrica
...papas nacidos en el siglo XX
...bases científicas en la Antártida
...sinfonías escritas por Beethoven
...países de la UE que no utilizan el euro
...vértebras lumbares
...estados de la UE ribereños del Océano Pacífico
...tiempos de un partido de baloncesto
...satélites naturales de Neptuno
...colinas de Roma
...músculos en la mano
...libras en un kilogramo
...porteros que han ganado el Balón de Oro
...países con más habitantes que EE.UU.
...colores en la bandera de China
...fémures en el cuerpo humano
...cuadrados perfectos entre 10 y 30
...islas más grandes que Borneo
...equipos londinenses que han ganado la Liga de Campeones
...capitales más al sur que Montevideo
...países fronterizos con Chipre
...núcleos en una célula eucariota
...calorías en un Julio
...focos en una elipse
...países sin litoral en América
...catetos en un triángulo rectángulo
...trópicos en la Tierra
...guerras mundiales
...presidentes de los Estados Unidos elegidos para dos mandatos no consecutivos
...películas que han recaudado más de 3.000 millones de dólares
...meses en los que se puede celebrar la Pascua católica
...países que producen más petróleo que Arabia Saudí
 
Estadísticas de respuestas
Respuesta % Correcto
...países fronterizos con España
36%
...sinfonías escritas por Beethoven
32%
...tiempos de un partido de baloncesto
32%
...capitales de Sudáfrica
25%
...músculos en la mano
24%
...países de la UE que no utilizan el euro
24%
...papas nacidos en el siglo XX
24%
...selecciones nacionales que han ganado al menos 2 Eurocopas
22%
...vértebras lumbares
21%
...semanas en 1000 horas
17%
...colinas de Roma
16%
...planetas más pequeños que la Tierra en el sistema solar
16%
...estrellas en la bandera de Siria
14%
...monarquías en África
14%
...ríos más largos que el Volga
14%
...bases científicas en la Antártida
13%
...diferentes equipos que han ganado la Conference League
13%
...religiones abrahámicas
12%
...satélites naturales de Neptuno
11%
...países BRICS en África
6%
...estados de la UE ribereños del Océano Pacífico
3%
No se encontraron pruebas coincidentes
Distribución de puntuación
Porcentaje de gente con cada puntuación
Porcentaje por número respondido
Historial de tus puntuaciones
No has intentado esta prueba.